[Event "Fried Liver Attack"]
[Site "SchemingMind.com"]
[Date "2010.03.16"]
[Round "-"]
[White "lemmie"]
[Black "XTC"]
[Result "0-1"]
[WhiteCountry "NED"]
[BlackCountry "COL"]
[WhiteElo "1575"]
[WhiteRD "51"]
[BlackElo "1857"]
[BlackRD "56"]
[GameID "241638"]

1. e4 e5 2. Nf3 Nc6 3. Bc4 Nf6 4. Ng5 d5 5. exd5 Nxd5 6. Nxf7 Kxf7 7. Qf3+ Ke6 8. Nc3 Nb4 9. Qe4 c6 10. a3 b5
11. Bb3 Na6 12. d4 Nc7 13. Qxe5+ Kf7 14. O-O Bd6 15. Qh5+ g6 16. Qf3+ Kg7 17. Ne4 Rf8 18. Qe2 Qh4 19. Ng3 Qxd4 20. Rd1 Qh4
21. Ba2 Bg4 22. f3 Rae8 23. Qf2 Kg8 24. c4 bxc4 25. Bxc4 Bxf3 26. gxf3 Qxc4 27. Bh6 Bc5
0-1

[Event "Fried Liver Attack"]
[Site "SchemingMind.com"]
[Date "2010.03.16"]
[Round "-"]
[White "XTC"]
[Black "lemmie"]
[Result "1-0"]
[WhiteCountry "COL"]
[BlackCountry "NED"]
[WhiteElo "1857"]
[WhiteRD "56"]
[BlackElo "1575"]
[BlackRD "51"]
[GameID "241639"]

1. e4 e5 2. Nf3 Nc6 3. Bc4 Nf6 4. Ng5 d5 5. exd5 Nxd5 6. Nxf7 Kxf7 7. Qf3+ Ke6 8. Nc3 Nb4 9. Qe4 c6 10. a3 Na6
11. Bxa6 Nxc3 12. dxc3 Bd6 13. Bc4+ Kd7 14. Qg4+ Kc7 15. Qxg7+ Kb8 16. O-O Bf5 17. Bg5 Qc8 18. Bf6 Rf8 19. Bxe5 Bxe5 20. Qxe5+ Qc7
21. Qxc7+ Kxc7 22. Bd3 Be6 23. Bxh7 Rh8 24. Bd3 Rag8 25. Rae1 Bh3 26. Be4 Rh4 27. f4 Rhg4 28. Rf2 R4g7 29. f5 Rf8 30. f6 Rg5
31. f7 Kd8 32. Re3 Be6 33. Bxc6 Bxf7 34. Bxb7 Rg7 35. Rd2+ Kc7 36. Re7+ Kb6 37. Rd6+ Kc5 38. Rc6+ Kb5 39. Re5+ Ka4 40. Ra6#
1-0

[Event "Fried Liver Attack"]
[Site "SchemingMind.com"]
[Date "2010.04.01"]
[Round "-"]
[White "jtrochez1"]
[Black "XTC"]
[Result "0-1"]
[WhiteCountry "HON"]
[BlackCountry "COL"]
[WhiteElo "1589"]
[WhiteRD "51"]
[BlackElo "1896"]
[BlackRD "58"]
[GameID "243895"]

1. e4 e5 2. Nf3 Nc6 3. Bc4 Nf6 4. Ng5 d5 5. exd5 Nxd5 6. Nxf7 Kxf7 7. Nc3 Be6 8. d3 Nxc3 9. bxc3 Bxc4 10. dxc4 Qxd1+
11. Kxd1 Na5 12. Rb1 b6 13. f3 Nxc4 14. a4 Rd8+ 15. Ke2 Bc5 16. Rd1 Rxd1 17. Kxd1 Rd8+ 18. Ke2 Ba3 19. Bg5 Re8 20. Bd2 Nxd2
21. Kxd2 Bc5 22. Rd1 Rd8+ 23. Ke2 Rxd1 24. Kxd1 Ke6 25. Kd2 a5 26. c4 g5 27. g4 c6 28. c3 h6 29. h3 Kd6 30. Kd3 Bf2
31. Ke4 Kc5 32. Kxe5 Kxc4 33. Kf5 Kxc3 34. Kg6 b5
0-1

[Event "Fried Liver Attack"]
[Site "SchemingMind.com"]
[Date "2010.04.01"]
[Round "-"]
[White "jtrochez1"]
[Black "lemmie"]
[Result "1-0"]
[WhiteCountry "HON"]
[BlackCountry "NED"]
[WhiteElo "1551"]
[WhiteRD "51"]
[BlackElo "1577"]
[BlackRD "55"]
[GameID "243896"]

1. e4 e5 2. Nf3 Nc6 3. Bc4 Nf6 4. Ng5 d5 5. exd5 Nxd5 6. Nxf7 Kxf7 7. Nc3 Be6 8. d3 Nxc3 9. Bxe6+ Kxe6 10. Qg4+ Ke7
11. Bg5+
1-0

[Event "Fried Liver Attack"]
[Site "SchemingMind.com"]
[Date "2010.04.02"]
[Round "-"]
[White "XTC"]
[Black "jtrochez1"]
[Result "1-0"]
[WhiteCountry "COL"]
[BlackCountry "HON"]
[WhiteElo "1896"]
[WhiteRD "58"]
[BlackElo "1589"]
[BlackRD "51"]
[GameID "243897"]

1. e4 e5 2. Nf3 Nc6 3. Bc4 Nf6 4. Ng5 d5 5. exd5 Nxd5 6. Nxf7 Kxf7 7. Qf3+ Ke7 8. Bxd5 Nd4 9. Qf7+ Kd6 10. Na3 Nxc2+
11. Nxc2 Qf6 12. Qxf6+ gxf6 13. Bf7 Be6 14. Bxe6 Kxe6 15. O-O Bc5 16. b4 Bb6 17. a4 a6 18. a5 Ba7 19. d3 Rad8 20. Rd1 h5
21. Be3 Bxe3 22. fxe3 Rhg8 23. e4 h4 24. Rac1 c6 25. Ne3 Rd7 26. Nf5 h3 27. g3 Rg6 28. d4 Rg4 29. dxe5 Rxd1+ 30. Rxd1 Rxe4
31. exf6 Kxf6 32. Nd4 Ke5 33. Nf3+ Kf5 34. Rd4 Rxd4 35. Nxd4+ Ke5 36. Nb3 Kd6 37. g4 Ke5 38. Kf2 Kf4 39. Nc5 Kxg4 40. Nxb7
1-0

[Event "Fried Liver Attack"]
[Site "SchemingMind.com"]
[Date "2010.04.01"]
[Round "-"]
[White "lemmie"]
[Black "jtrochez1"]
[Result "1-0"]
[WhiteCountry "NED"]
[BlackCountry "HON"]
[WhiteElo "1688"]
[WhiteRD "55"]
[BlackElo "1603"]
[BlackRD "47"]
[GameID "243898"]

1. e4 e5 2. Nf3 Nc6 3. Bc4 Nf6 4. Ng5 d5 5. exd5 Nxd5 6. Nxf7 Kxf7 7. Qf3+ Ke6 8. Nc3 Bc5 9. Bxd5+ Kd7 10. Qg4+ Ke8
11. Qf3 Rf8 12. Bxc6+ Ke7 13. Qd5 Bxf2+ 14. Kd1 Qxd5 15. Bxd5 c6 16. Bf3 Bb6 17. d3 h6 18. Re1 Bc7 19. Be3 Kd8 20. Bc5 Rh8
21. h3 g6 22. Kd2 Bd7 23. Ne4 b6 24. Be3 Ke7 25. c3 g5 26. Bh5 Be8 27. Bxe8 Raxe8 28. Rf1 Rhf8 29. g4 Rxf1 30. Rxf1 Rf8
31. Rf5 a5 32. a4 Rxf5 33. gxf5 Kf7 34. Ke2 c5 35. Kf3 Bb8 36. Kg4 Kg7 37. Kh5 Bc7 38. d4 exd4 39. cxd4 c4 40. f6+ Kh7
41. d5 Be5 42. d6 Bxd6 43. Nxd6 c3 44. bxc3
1-0

[Event "Fried Liver Attack"]
[Site "SchemingMind.com"]
[Date "2010.04.04"]
[Round "-"]
[White "Heidi"]
[Black "jtrochez1"]
[Result "0-1"]
[WhiteCountry "USA"]
[BlackCountry "HON"]
[WhiteElo "1114"]
[WhiteRD "69"]
[BlackElo "1603"]
[BlackRD "47"]
[GameID "244329"]

1. e4 e5 2. Nf3 Nc6 3. Bc4 Nf6 4. Ng5 d5 5. exd5 Nxd5 6. Nxf7 Kxf7 7. O-O Be6 8. b3 Be7 9. Bb2 Rf8 10. d3 Bf6
11. Re1 Kg8 12. Nd2 Qd7 13. Ne4 Nb6 14. Bxe6+ Qxe6 15. Qh5 Qf7 16. Qh3 Rad8 17. Qg3 Nd4 18. Nxf6+ Qxf6 19. Bxd4 exd4 20. Re4 Nd5
21. Qg4 Qxf2+ 22. Kh1 Qf1+
0-1

[Event "Fried Liver Attack"]
[Site "SchemingMind.com"]
[Date "2010.04.05"]
[Round "-"]
[White "Heidi"]
[Black "XTC"]
[Result "0-1"]
[WhiteCountry "USA"]
[BlackCountry "COL"]
[WhiteElo "1056"]
[WhiteRD "72"]
[BlackElo "1842"]
[BlackRD "61"]
[GameID "244330"]

1. e4 e5 2. Nf3 Nc6 3. Bc4 Nf6 4. Ng5 d5 5. exd5 Nxd5 6. Nxf7 Kxf7 7. O-O Be6 8. d3 Ke8 9. b3 Bd6 10. Qh5+ g6
11. Bb2 gxh5 12. h3 Qg5 13. d4 Bxh3 14. Nd2 Qxg2#
0-1

[Event "Fried Liver Attack"]
[Site "SchemingMind.com"]
[Date "2010.04.05"]
[Round "-"]
[White "Heidi"]
[Black "lemmie"]
[Result "0-1"]
[WhiteCountry "USA"]
[BlackCountry "NED"]
[WhiteElo "1132"]
[WhiteRD "71"]
[BlackElo "1619"]
[BlackRD "54"]
[GameID "244331"]

1. e4 e5 2. Nf3 Nc6 3. Bc4 Nf6 4. Ng5 d5 5. exd5 Nxd5 6. Nxf7 Kxf7 7. O-O Ke6 8. b3 Qf6 9. Nc3 Ne7 10. d4 c6
11. Qd2 a6 12. Nxd5 cxd5 13. Bd3 e4 14. Be2 Nc6 15. f3 Qxd4+ 16. Kh1 Qxa1 17. Ba3 Qd4 18. Qc1 Bxa3 19. Qxa3 Bd7 20. fxe4 Qxe4
21. Re1 Kf7 22. Rf1+ Ke8 23. h3 Bxh3 24. Rf3 Bg4 25. Re3 Bxe2 26. Qc5 Bh5 27. c4 Rc8 28. cxd5 Ne7 29. Qd6 Qxe3 30. Qb4 Qe5
31. Qxb7 Rc1#
0-1

[Event "Fried Liver Attack"]
[Site "SchemingMind.com"]
[Date "2010.04.05"]
[Round "-"]
[White "jtrochez1"]
[Black "Heidi"]
[Result "1-0"]
[WhiteCountry "HON"]
[BlackCountry "USA"]
[WhiteElo "1603"]
[WhiteRD "47"]
[BlackElo "1114"]
[BlackRD "69"]
[GameID "244332"]

1. e4 e5 2. Nf3 Nc6 3. Bc4 Nf6 4. Ng5 d5 5. exd5 Nxd5 6. Nxf7 Kxf7 7. Qf3+ Ke7 8. O-O Nf4 9. c3 Qd6 10. d4 Nxd4
11. cxd4 Qxd4 12. Qb3 Qe4 13. Bxf4 exf4 14. Nc3 Qf5 15. Rfe1+ Kd8 16. Rad1+ Bd6 17. Nd5 f3 18. Bd3 Qh5 19. h3 Qg5 20. Ne3 Bxh3
21. Be4 Kd7 22. Bxf3 Rae8 23. Qxb7 Ra8 24. Nc4 h5 25. Rxd6#
1-0

[Event "Fried Liver Attack"]
[Site "SchemingMind.com"]
[Date "2010.04.05"]
[Round "-"]
[White "XTC"]
[Black "Heidi"]
[Result "1-0"]
[WhiteCountry "COL"]
[BlackCountry "USA"]
[WhiteElo "1842"]
[WhiteRD "61"]
[BlackElo "1056"]
[BlackRD "72"]
[GameID "244333"]

1. e4 e5 2. Nf3 Nc6 3. Bc4 Nf6 4. Ng5 d5 5. exd5 Nxd5 6. Nxf7 Kxf7 7. Qf3+ Ke6 8. Nc3 Nb4 9. Qe4 c6 10. a3 Ke7
11. axb4 Nxb4 12. Qxe5+ Kd7 13. Be6+ Ke7 14. Bxc8+ Kf7 15. Qe6#
1-0

[Event "Fried Liver Attack"]
[Site "SchemingMind.com"]
[Date "2010.04.05"]
[Round "-"]
[White "lemmie"]
[Black "Heidi"]
[Result "1-0"]
[WhiteCountry "NED"]
[BlackCountry "USA"]
[WhiteElo "1619"]
[WhiteRD "54"]
[BlackElo "1132"]
[BlackRD "71"]
[GameID "244334"]

1. e4 e5 2. Nf3 Nc6 3. Bc4 Nf6 4. Ng5 d5 5. exd5 Nxd5 6. Nxf7 Kxf7 7. Qf3+ Ke8 8. Bxd5 Qd7 9. Nc3 Nd4 10. Qh5+ g6
11. Qxe5+ Ne6 12. O-O Rg8 13. Re1 Bg7 14. Qe4 Rf8 15. Bxe6 Qxe6 16. Qxe6+ Bxe6 17. Rxe6+ Kd7 18. Re2 Rae8 19. d3 Re7 20. Bg5 Re5
21. Rae1 Rfe8 22. Rxe5 Bxe5 23. h3 c5 24. Kf1 b5 25. Nd1 Bxb2 26. Nxb2 Rc8 27. Re7+ Kc6 28. Rxh7 Kd5 29. Rxa7 Kd4 30. Bd2 Rg8
31. f4 Rf8 32. Rd7#
1-0

[Event "Fried Liver Attack"]
[Site "SchemingMind.com"]
[Date "2010.04.15"]
[Round "-"]
[White "nammy"]
[Black "jtrochez1"]
[Result "0-1"]
[WhiteCountry "ENG"]
[BlackCountry "HON"]
[WhiteElo "839"]
[WhiteRD "52"]
[BlackElo "1589"]
[BlackRD "51"]
[GameID "244978"]

1. e4 e5 2. Nf3 Nc6 3. Bc4 Nf6 4. Ng5 d5 5. exd5 Nxd5 6. Nxf7 Kxf7 7. Nc3 Be6 8. d3 Nxc3 9. Qd2 Bb4 10. bxc3 Ba5
11. f3 Nd4 12. Ba3 Re8 13. O-O Bxc4 14. dxc4 Nf5 15. Qf2 Bxc3 16. Rab1 Bd4 17. Rbd1 Bxf2+ 18. Rxf2 Qxd1+ 19. Rf1 Qxc2 20. Re1 Qxc4
21. Rb1 Qxa2 22. Rxb7 Rad8 23. Rxa7 Rd1#
0-1

[Event "Fried Liver Attack"]
[Site "SchemingMind.com"]
[Date "2010.04.11"]
[Round "-"]
[White "nammy"]
[Black "XTC"]
[Result "0-1"]
[WhiteCountry "ENG"]
[BlackCountry "COL"]
[WhiteElo "878"]
[WhiteRD "52"]
[BlackElo "1842"]
[BlackRD "61"]
[GameID "244979"]

1. e4 e5 2. Nf3 Nc6 3. Bc4 Nf6 4. Ng5 d5 5. exd5 Nxd5 6. Nxf7 Kxf7 7. c3 Be6 8. g3 Nxc3 9. bxc3 Bxc4 10. Na3 Bd5
11. Rg1 Qf6 12. Nb5 Bc5 13. Nxc7 Qxf2#
0-1

[Event "Fried Liver Attack"]
[Site "SchemingMind.com"]
[Date "2010.04.11"]
[Round "-"]
[White "nammy"]
[Black "lemmie"]
[Result "0-1"]
[WhiteCountry "ENG"]
[BlackCountry "NED"]
[WhiteElo "878"]
[WhiteRD "52"]
[BlackElo "1577"]
[BlackRD "55"]
[GameID "244980"]

1. e4 e5 2. Nf3 Nc6 3. Bc4 Nf6 4. Ng5 d5 5. exd5 Nxd5 6. Nxf7 Kxf7 7. d3 Be7 8. Nd2 Ke8 9. Bb3 Be6 10. c4 Nf6
11. Nf3 a6 12. g3 Bd6 13. h4 Bg4 14. a3 Nd4 15. Ba4+ c6 16. c5 Bxc5 17. Rb1 Bxf3 18. Qd2 Bxh1 19. Kd1 Bg2 20. f4 Bf3+
21. Ke1 Bg4 22. Qe3 Nf3+ 23. Kf2 Bxe3+ 24. Kxe3 Qd4+ 25. Ke2 Qxa4 26. fxe5 Nd4+ 27. Ke1 Qd1+ 28. Kf2 Qf3+ 29. Kg1 Ne2+ 30. Kh2 Qxg3+
31. Kh1 Qg1#
0-1

[Event "Fried Liver Attack"]
[Site "SchemingMind.com"]
[Date "2010.04.11"]
[Round "-"]
[White "nammy"]
[Black "Heidi"]
[Result "0-1"]
[WhiteCountry "ENG"]
[BlackCountry "USA"]
[WhiteElo "839"]
[WhiteRD "52"]
[BlackElo "1132"]
[BlackRD "71"]
[GameID "244981"]

1. e4 e5 2. Nf3 Nc6 3. Bc4 Nf6 4. Ng5 d5 5. exd5 Nxd5 6. Nxf7 Kxf7 7. d3 Be6 8. h4 Nd4 9. f3 Bb4+ 10. c3 Ba5
11. Kf1 Qf6 12. g4 Nxf3 13. a3 Bxg4 14. Bxd5+ Ke8 15. Bxb7 Rb8 16. h5 Rxb7 17. Rh4 Nxh4+ 18. Ke1 Bxd1 19. Kxd1 g6 20. h6 Rf8
21. Nd2 Qf1+ 22. Kc2 Qe2 23. d4 Rf1 24. c4 exd4 25. Rb1 c5 26. Ra1 d3+ 27. Kb1 Qe6 28. Nxf1 Qb6 29. Ne3 Bd2 30. Bxd2 Qxb2#
0-1

[Event "Fried Liver Attack"]
[Site "SchemingMind.com"]
[Date "2010.04.12"]
[Round "-"]
[White "jtrochez1"]
[Black "nammy"]
[Result "1-0"]
[WhiteCountry "HON"]
[BlackCountry "ENG"]
[WhiteElo "1589"]
[WhiteRD "51"]
[BlackElo "839"]
[BlackRD "52"]
[GameID "244982"]

1. e4 e5 2. Nf3 Nc6 3. Bc4 Nf6 4. Ng5 d5 5. exd5 Nxd5 6. Nxf7 Kxf7 7. Qf3+ Ke7 8. Bxd5 Nb4 9. Be4 Ke8 10. O-O Be7
11. c3 Na6 12. Qh5+ Kd7 13. Qxe5 c6 14. Bf5+ Ke8 15. Bxc8 Qxc8 16. Qxg7 Rf8 17. Re1 Qf5 18. Qxe7#
1-0

[Event "Fried Liver Attack"]
[Site "SchemingMind.com"]
[Date "2010.04.11"]
[Round "-"]
[White "XTC"]
[Black "nammy"]
[Result "1-0"]
[WhiteCountry "COL"]
[BlackCountry "ENG"]
[WhiteElo "1842"]
[WhiteRD "61"]
[BlackElo "878"]
[BlackRD "52"]
[GameID "244983"]

1. e4 e5 2. Nf3 Nc6 3. Bc4 Nf6 4. Ng5 d5 5. exd5 Nxd5 6. Nxf7 Kxf7 7. Qf3+ Ke8 8. Bxd5 Ne7 9. Bf7+ Kd7 10. Qd3+ Nd5
11. Bxd5 Rb8 12. Bxb7+ Ke8 13. Qb5+ Kf7 14. Bd5+ Kg6 15. Qxb8 Bc5 16. Qb3 Bf5 17. Qg3+ Kf6 18. Qh4+ g5 19. Qh6+ Ke7 20. Qxg5+ Kd7
21. Qxf5+ Ke8 22. Qf7#
1-0

[Event "Fried Liver Attack"]
[Site "SchemingMind.com"]
[Date "2010.04.11"]
[Round "-"]
[White "lemmie"]
[Black "nammy"]
[Result "1-0"]
[WhiteCountry "NED"]
[BlackCountry "ENG"]
[WhiteElo "1577"]
[WhiteRD "55"]
[BlackElo "878"]
[BlackRD "52"]
[GameID "244984"]

1. e4 e5 2. Nf3 Nc6 3. Bc4 Nf6 4. Ng5 d5 5. exd5 Nxd5 6. Nxf7 Kxf7 7. Qf3+ Ke7 8. Bxd5 Nd4 9. Qe4 c5 10. Qxe5+ Kd7
11. Na3 h6 12. O-O a5 13. c3 Nc6 14. Qf5+ Kc7 15. Qf4+ Kd7 16. Nb5 Ne7 17. Bf7 Nc6 18. Qf5+ Ke7 19. Re1+ Ne5 20. Rxe5+ Be6
21. Qxe6#
1-0

[Event "Fried Liver Attack"]
[Site "SchemingMind.com"]
[Date "2010.04.11"]
[Round "-"]
[White "Heidi"]
[Black "nammy"]
[Result "0-1"]
[WhiteCountry "USA"]
[BlackCountry "ENG"]
[WhiteElo "1114"]
[WhiteRD "69"]
[BlackElo "819"]
[BlackRD "54"]
[GameID "244985"]

1. e4 e5 2. Nf3 Nc6 3. Bc4 Nf6 4. Ng5 d5 5. exd5 Nxd5 6. Nxf7 Kxf7 7. Nc3 b5 8. Bxb5 Nce7 9. Qf3+ Ke6 10. Qg4+ Kf6
11. Bd3 h5 12. Nxd5+ Nxd5 13. Qd4 exd4 14. b3 Nf4 15. Be4 Qe8 16. f3 Nxg2+ 17. Kd1 Rb8 18. Bb2 g6 19. Rg1 Nf4 20. Bxd4+ Ke6
21. Bxh8 Be7 22. Bc3 Nh3 23. Rxg6+ Kd7 24. Bc6+ Kd8 25. Bxe8 Kxe8 26. Ke2 Nf4+ 27. Kd1 Nxg6 28. Ke2 Bd6 29. Re1 Ba6+ 30. Kd1+ Kf8
31. Bf6 Bxh2 32. d4 Bb7 33. Re3 Bc6 34. c4 Rb6 35. d5 Bd7 36. Bd8 c5 37. a3 Nf4 38. Bxb6 axb6 39. d6 Nh3 40. Rd3 Nf2+
41. Kd2 Bf4+ 42. Ke2 Nh3 43. a4 Ke8 44. b4 cxb4 45. Rb3 Bxd6 46. Ke3 Bxa4 47. Rb2 Be7 48. Ra2 Bb3 49. Rb2 Bxc4 50. Rxb4 Bxb4
51. f4 Bc5+ 52. Ke4 Nf2+ 53. Ke5 b5 54. f5 Nd3+ 55. Kf6 h4 56. Kg6 h3 57. f6 Kf8 58. Kf5 h2
0-1

[Event "Fried Liver Attack"]
[Site "SchemingMind.com"]
[Date "2010.04.16"]
[Round "-"]
[White "MOIMOI"]
[Black "jtrochez1"]
[Result "0-1"]
[WhiteCountry "POL"]
[BlackCountry "HON"]
[WhiteElo "1404"]
[WhiteRD "51"]
[BlackElo "1611"]
[BlackRD "51"]
[GameID "245016"]

1. e4 e5 2. Nf3 Nc6 3. Bc4 Nf6 4. Ng5 d5 5. exd5 Nxd5 6. Nxf7 Kxf7 7. Qf3+ Qf6 8. Bxd5+ Ke7 9. Bxc6 Qxf3 10. gxf3 bxc6
11. d3 h6 12. Be3 Ke6 13. f4 Bd6 14. fxe5 Bxe5 15. d4 Bd6 16. Nd2 Rf8 17. O-O-O g5 18. Rhe1 Kf7 19. h4 Kg6 20. hxg5 hxg5
21. Rg1 g4 22. Ne4 a5 23. d5 cxd5 24. Nxd6 cxd6 25. Rxd5 Ra6
0-1

[Event "Fried Liver Attack"]
[Site "SchemingMind.com"]
[Date "2010.04.11"]
[Round "-"]
[White "MOIMOI"]
[Black "XTC"]
[Result "0-1"]
[WhiteCountry "POL"]
[BlackCountry "COL"]
[WhiteElo "1563"]
[WhiteRD "51"]
[BlackElo "1896"]
[BlackRD "58"]
[GameID "245017"]

1. e4 e5 2. Nf3 Nc6 3. Bc4 Nf6 4. Ng5 d5 5. exd5 Nxd5 6. Nxf7 Kxf7 7. Qf3+ Ke6 8. Nc3 Nb4 9. O-O c6 10. a3 Nxc2
11. Rb1 Nd4 12. Bxd5+ cxd5 13. Qg3 Nf5 14. Qg4 Kd6 15. Nb5+ Ke7 16. d4 Qb6 17. Bg5+ Kf7 18. Qe2 Nxd4 19. Nxd4 Qxd4 20. Qf3+ Kg6
21. Qg3 Qg4 22. Qxg4 Bxg4 23. Bd2 Bc5 24. h3 Bf5 25. Rbc1 b6 26. b4 Bd4 27. g4 Bd7 28. Kg2 Bb2 29. Rc7 Ba4 30. f4 exf4
31. Bxf4 Bxa3 32. Ra1 Rhc8 33. Rxa3 Rxc7 34. Bxc7 b5 35. Rd3 Bc2 36. Re3 Be4+ 37. Kg3 h5 38. Rc3 hxg4 39. Rc6+ Kh7 40. hxg4 Rc8
41. Rc5 Bg6 42. Be5 Rxc5 43. bxc5 Be8 44. g5 a5 45. Kf2 b4 46. Ke2 a4 47. Bd4 b3 48. Bb2 Kg6 49. Kd3 Kxg5 50. Bxg7 a3
51. Kc3 b2
0-1

[Event "Fried Liver Attack"]
[Site "SchemingMind.com"]
[Date "2010.04.11"]
[Round "-"]
[White "MOIMOI"]
[Black "lemmie"]
[Result "0-1"]
[WhiteCountry "POL"]
[BlackCountry "NED"]
[WhiteElo "1563"]
[WhiteRD "51"]
[BlackElo "1619"]
[BlackRD "54"]
[GameID "245018"]

1. e4 e5 2. Nf3 Nc6 3. Bc4 Nf6 4. Ng5 d5 5. exd5 Nxd5 6. Nxf7 Kxf7 7. Qf3+ Ke6 8. Nc3 Ne7 9. d3 c6 10. Bg5 Kd6
11. Nxd5 cxd5 12. Bxe7+ Bxe7 13. Qxd5+ Kc7 14. Qxe5+ Bd6 15. Qa5+ b6 16. Qd5 Bb7 17. Qf7+ Qd7 18. O-O Raf8 19. Qxd7+ Kxd7 20. d4 h5
21. d5 g5 22. h3 h4 23. Rad1 Rhg8 24. Be2 Bc5 25. Bf3 Bc8 26. Rfe1 Re8 27. Rxe8 Rxe8 28. c4 Kd6 29. a3 a5 30. a4 Rf8
31. Re1 Bxh3 32. gxh3 Rxf3 33. Re6+ Kd7 34. Re2 Rxh3 35. Kg2 Rb3 36. f3 Rb4 37. Re5 Be7 38. c5 bxc5 39. Re4 Rxb2+ 40. Kh3 Rb4
41. Kg4 Rxe4+ 42. fxe4 c4 43. Kf3 Kd6 44. Ke3 Ke5
0-1

[Event "Fried Liver Attack"]
[Site "SchemingMind.com"]
[Date "2010.04.11"]
[Round "-"]
[White "MOIMOI"]
[Black "Heidi"]
[Result "1-0"]
[WhiteCountry "POL"]
[BlackCountry "USA"]
[WhiteElo "1591"]
[WhiteRD "53"]
[BlackElo "1056"]
[BlackRD "72"]
[GameID "245020"]

1. e4 e5 2. Nf3 Nc6 3. Bc4 Nf6 4. Ng5 d5 5. exd5 Nxd5 6. Nxf7 Kxf7 7. Qf3+ Ke6 8. Nc3 Nb4 9. O-O c6 10. d4 Bd6
11. Qg4+ Ke7 12. Qxg7+ Ke6 13. Bg5 Rg8 14. Qh6+ Kd7 15. Bxd8 Kxd8 16. Qxd6+ Bd7 17. dxe5 Re8 18. Rae1 Nxc2 19. e6 b5 20. Qxd7#
1-0

[Event "Fried Liver Attack"]
[Site "SchemingMind.com"]
[Date "2010.04.16"]
[Round "-"]
[White "jtrochez1"]
[Black "MOIMOI"]
[Result "1-0"]
[WhiteCountry "HON"]
[BlackCountry "POL"]
[WhiteElo "1611"]
[WhiteRD "51"]
[BlackElo "1404"]
[BlackRD "51"]
[GameID "245021"]

1. e4 e5 2. Nf3 Nc6 3. Bc4 Nf6 4. Ng5 d5 5. exd5 Nxd5 6. Nxf7 Kxf7 7. Qf3+ Ke6 8. c3 Ne7 9. O-O g6 10. d4 Bg7
11. Be3 Rf8 12. Qe2 Kd6 13. Bxd5 Nxd5 14. Nd2 exd4 15. cxd4 c6 16. Nc4+ Kc7 17. Bd2 Bxd4 18. Bc3 Bxc3 19. bxc3 Qf6 20. Rac1 Bf5
21. Qf3 g5 22. Rfe1 Rae8 23. Ne3 Nxc3 24. Qg3+ Kc8 25. Kh1 Ne4 26. Qf3
1-0

[Event "Fried Liver Attack"]
[Site "SchemingMind.com"]
[Date "2010.04.12"]
[Round "-"]
[White "XTC"]
[Black "MOIMOI"]
[Result "1-0"]
[WhiteCountry "COL"]
[BlackCountry "POL"]
[WhiteElo "1896"]
[WhiteRD "58"]
[BlackElo "1563"]
[BlackRD "51"]
[GameID "245022"]

1. e4 e5 2. Nf3 Nc6 3. Bc4 Nf6 4. Ng5 d5 5. exd5 Nxd5 6. Nxf7 Kxf7 7. Qf3+ Ke6 8. Nc3 Nb4 9. Qe4 c6 10. a3 b5
11. Bb3 Nxc2+ 12. Bxc2 Kf7 13. Qxe5 Bd6 14. Qh5+ g6 15. Qf3+ Nf6 16. Qxc6 Re8+ 17. Ne4 Bf5 18. f3 Rc8 19. Bb3+ Be6 20. Bxe6+ Rxe6
21. Qxb5 Nxe4 22. fxe4 Qh4+ 23. Kd1 Qg4+ 24. Qe2 Qxe2+ 25. Kxe2 Rxe4+ 26. Kd1 Bf4 27. Rf1 Kg8 28. d3 Rxc1+ 29. Rxc1 Rd4 30. Rc8+ Kg7
31. Kc2 Bxh2 32. Re1 Rd7 33. g4 Kf6 34. Re4 Rd5 35. Rc6+ Kg5 36. Re7 Kh6 37. Rxa7 Rd4 38. Rc4 Rd6 39. Rf7 Rd8 40. b4 Re8
41. Rc5
1-0

[Event "Fried Liver Attack"]
[Site "SchemingMind.com"]
[Date "2010.04.11"]
[Round "-"]
[White "lemmie"]
[Black "MOIMOI"]
[Result "0-1"]
[WhiteCountry "NED"]
[BlackCountry "POL"]
[WhiteElo "1577"]
[WhiteRD "55"]
[BlackElo "1591"]
[BlackRD "53"]
[GameID "245023"]

1. e4 e5 2. Nf3 Nc6 3. Bc4 Nf6 4. Ng5 d5 5. exd5 Nxd5 6. Nxf7 Kxf7 7. Qf3+ Ke6 8. Nc3 Nb4 9. Qe4 c6 10. a3 b5
11. Bb3 Nxc2+ 12. Bxc2 Kd6 13. Bb3 Nxc3 14. dxc3 Qf6 15. O-O Bf5 16. Rd1+ Kc7 17. Qe3 Bd6 18. Bd2 Qg6 19. Qg5 e4 20. Qxg6 hxg6
21. g3 Rh3 22. Bg5 Rah8 23. Kf1 Rxh2 24. Be3 Bg4 25. f3 Bxf3 26. Bg1 Rxb2
0-1

[Event "Fried Liver Attack"]
[Site "SchemingMind.com"]
[Date "2010.04.12"]
[Round "-"]
[White "Heidi"]
[Black "MOIMOI"]
[Result "0-1"]
[WhiteCountry "USA"]
[BlackCountry "POL"]
[WhiteElo "1056"]
[WhiteRD "72"]
[BlackElo "1591"]
[BlackRD "53"]
[GameID "245025"]

1. e4 e5 2. Nf3 Nc6 3. Bc4 Nf6 4. Ng5 d5 5. exd5 Nxd5 6. Nxf7 Kxf7 7. Qf3+ Ke6 8. O-O Nd4 9. Bxd5+ Qxd5 10. d3 Nxf3+
11. Kh1 Nh4 12. Nc3 Qxg2#
0-1

[Event "Fried Liver Attack"]
[Site "SchemingMind.com"]
[Date "2010.04.23"]
[Round "-"]
[White "Queeny"]
[Black "jtrochez1"]
[Result "1-0"]
[WhiteCountry "ENG"]
[BlackCountry "HON"]
[WhiteElo "1625"]
[WhiteRD "65"]
[BlackElo "1603"]
[BlackRD "47"]
[GameID "246082"]

1. e4 e5 2. Nf3 Nc6 3. Bc4 Nf6 4. Ng5 d5 5. exd5 Nxd5 6. Nxf7 Kxf7 7. Qf3+ Qf6 8. Bxd5+ Ke7 9. Qg3 Bd7 10. d3 Re8
11. Bg5 Nd4 12. Bxf6+ gxf6 13. Na3 c6 14. Bf3 Kd8 15. Qh4 Be7 16. c3 Nxf3+ 17. gxf3 f5 18. Qh5 f4 19. O-O-O Bxa3 20. bxa3 Ref8
21. Qxe5 a6 22. Rhg1 h5 23. Rg7 Kc8 24. Qd6
1-0

[Event "Fried Liver Attack"]
[Site "SchemingMind.com"]
[Date "2010.04.20"]
[Round "-"]
[White "Queeny"]
[Black "XTC"]
[Result "0-1"]
[WhiteCountry "ENG"]
[BlackCountry "COL"]
[WhiteElo "1643"]
[WhiteRD "64"]
[BlackElo "1896"]
[BlackRD "58"]
[GameID "246083"]

1. e4 e5 2. Nf3 Nc6 3. Bc4 Nf6 4. Ng5 d5 5. exd5 Nxd5 6. Nxf7 Kxf7 7. Qf3+ Ke6 8. Nc3 Nb4 9. Qe4 c6 10. d4 Qf6
11. O-O Kd6 12. a3 Nxc3 13. dxe5+ Qxe5 14. Qxe5+ Kxe5 15. axb4 Nd5 16. c3 Bf5 17. Bd2 b5 18. Bb3 Be7 19. Rfe1+ Kf6 20. Ra6 Nb6
21. Be3 Rhe8 22. Bd4+ Kg6 23. Be6 Bxe6 24. Rxe6+ Bf6 25. Rxc6 Re1#
0-1

[Event "Fried Liver Attack"]
[Site "SchemingMind.com"]
[Date "2010.04.25"]
[Round "-"]
[White "Queeny"]
[Black "lemmie"]
[Result "1-0"]
[WhiteCountry "ENG"]
[BlackCountry "NED"]
[WhiteElo "1643"]
[WhiteRD "64"]
[BlackElo "1619"]
[BlackRD "54"]
[GameID "246084"]

1. e4 e5 2. Nf3 Nc6 3. Bc4 Nf6 4. Ng5 d5 5. exd5 Nxd5 6. Nxf7 Kxf7 7. Qf3+ Ke6 8. Nc3 Ne7 9. O-O c6 10. Re1 Kd6
11. Qe4 Nxc3 12. Qxe5+ Kd7 13. dxc3 Qc7 14. Be6+ Kd8 15. Rd1+ Nd5 16. Qf5 Bxe6 17. Qxe6 Qe7 18. Qg4 h6 19. c4 Kc7 20. cxd5 cxd5
21. Qf4+ Qd6 22. Qf7+ Qe7 23. Bf4+ Kc8 24. Qxd5 Qf6 25. Qd7#
1-0

[Event "Fried Liver Attack"]
[Site "SchemingMind.com"]
[Date "2010.04.22"]
[Round "-"]
[White "Queeny"]
[Black "nammy"]
[Result "1-0"]
[WhiteCountry "ENG"]
[BlackCountry "ENG"]
[WhiteElo "1624"]
[WhiteRD "66"]
[BlackElo "878"]
[BlackRD "52"]
[GameID "246085"]

1. e4 e5 2. Nf3 Nc6 3. Bc4 Nf6 4. Ng5 d5 5. exd5 Nxd5 6. Nxf7 Kxf7 7. Qf3+ Ke6 8. Nc3 Ne7 9. O-O Kd6 10. Nxd5 Nc6
11. b3 a6 12. Ba3+ Kd7 13. Bxf8 Rxf8 14. Qg4+ Kd6 15. Qxg7 Re8 16. Nf6 Re6 17. Ne4#
1-0